| 000 | 01003cam a2200325 i 4500 | ||
|---|---|---|---|
| 001 | 200444289 | ||
| 999 |
_c200444289 _d62501 |
||
| 003 | TR-AnTOB | ||
| 005 | 20240824073710.0 | ||
| 007 | ta | ||
| 008 | 130416s1972 tu 000 0 tur d | ||
| 040 |
_aTR-AnTOB _beng _erda _cTR-AnTOB |
||
| 041 | 0 | _aeng | |
| 050 |
_aLA133 _b.O74 1972 |
||
| 110 | 2 |
_aOrganisation for Economic Co-operation and Development _933753 |
|
| 245 | 0 | 0 |
_aClassification des systèmes d'enseignement des pays membres de l'OCDE : _bEspagne, France, Norvege. |
| 264 | 1 |
_aParis : _bOCDE, _c1972. |
|
| 300 |
_a130 pages : _btables ; _c28 cm |
||
| 336 |
_2rdacontent _atext _btxt |
||
| 337 |
_2rdamedia _aunmediated _bn |
||
| 338 |
_2rdacarrier _avolume _bnc |
||
| 504 | _aBIB | ||
| 650 | 0 |
_aComparative education _957718 |
|
| 650 | 0 |
_aEducation _zSpain _9136515 |
|
| 650 | 0 |
_aEducation _zFrance _9136490 |
|
| 650 | 0 |
_aEducation _zNorway _926219 |
|
| 740 | 0 | _aEspagne France Norvege | |
| 942 |
_2lcc _cBK |
||